Culture générale - Quiz facile - Statistiques

Statistiques générales
  • Ce quiz a été pris 54 fois
  • Le résultat moyen est 3 sur 15
Statistiques - réponses
Question Réponse % Correct
Quel pays européen possède le plus grand nombre de fuseaux horaires ? France
74%
Quel est le nom du physicien anglais qui a développé la théorie de la relativité générale, qui décrit la gravité comme une courbure de l'espace-temps ? Albert Einstein
46%
Quelle équipe a remporté la Coupe du Monde de cricket en 2019 ? Inde
44%
Quel est le nom de l'économiste américain qui a développé la théorie keynésienne, qui explique le fonctionnement des cycles économiques ? John Maynard Keynes
36%
Quel est le nom du détroit qui sépare l'Europe de l'Asie ? Le détroit de Bosphore
31%
En quelle année a-t-on découvert la structure de l'ADN ? 1953
13%
Quel est le nom du volcan le plus actif d'Europe ? Le Stromboli
13%
Quel est le nom du poète qui a écrit "Les Chants de Maldoror" en 1869 ? Lautréamont
10%
Quel est le nom du philosophe allemand qui a développé la phénoménologie, une approche de la philosophie qui met l'accent sur l'expérience vécue ? Edmund Husserl
8%
Quelle est la formule chimique du benzène, un composé aromatique important dans la chimie organique ? C6H6
5%
Quel est le nom du personnage principal du roman "Crime et Châtiment" de Dostoïevski ? Raskolnikov
5%
Quel est le nom du mathématicien français qui a développé la théorie des groupes, un outil fondamental de l'algèbre abstraite ? Élie Cartan
3%
Qui est l'auteur du livre "Les Origines de la France contemporaine" publié en 1933 ? Ernest Lavisse
3%
Quel est le nom de l'œuvre littéraire considérée comme l'épopée nationale de la France ? La Chanson de Roland
3%
Quel est le nom du livre saint du bouddhisme Le Tripitaka
3%
Aucun quiz correspondant
Distribution des résultats
% des personnes avec chaque résultat
Percentile par nombre de réponses
Votre historique - résultats
Vous n’avez pas pris ce quiz